000 00651nam a2200253Ia 4500
003 OSt
005 20220925225020.0
006 a|||||r|||| 00| 0
007 ta
008 220923b |||||||| |||| 00| 0 eng d
020 _a0415271843
037 _cGeneral Book
040 _aRTL
_cRTL
_beng
041 _2eng
_aeng
082 _aX991, P2
100 _aSiebert Horst
245 0 _aWorld economy
250 _a2nd
260 _aLondon
_bRoutledge U. K.
_c2002
300 _axiv, 315p. Bibliography p.301-08
_ccm.
650 _aGlobalization
942 _hX991, P2
_cGB
_2CC
999 _c582778
_d582778